[Event "Karlsruhe Grenke op"]
[Site "Karlsruhe"]
[Date "2025.04.20"]
[Round "7"]
[White "Smeets, Kobe"]
[Black "Hrebenshchykova, Yelyzaveta"]
[Result "0-1"]
[WhiteElo "2383"]
[BlackElo "2296"]
[PlyCount "56"]
[EventDate "2025.04.17"]
[EventType "swiss"]
[EventRounds "9"]
[EventCountry "GER"]
[SourceTitle "CB17_2025"]
[SourceDate "2025.04.23"]
[SourceVersion "1"]
[SourceVersionDate "2025.04.23"]
[SourceQuality "1"]

1. e4 e5 2. Nf3 Nc6 3. Bb5 a6 4. Ba4 d6 5. 0-0 Bd7 6. c3 g6 7. d4 Bg7 8. Re1 Nf6 9. h3 0-0 10. Bc2 Re8 11. a4 b5 12. Na3 h6 13. Bd3 exd4 14. cxd4 Nb4 15. Bb1 c5 16. Nc2 Nxc2 17. Bxc2 cxd4 18. Nxd4 Qb6 19. Be3 Qb7 20. axb5 axb5 21. Rxa8 Qxa8 22. f3 d5 23. exd5 Nxd5 24. Bf2 Rxe1+ 25. Qxe1 Nf4 26. Be4 Qd8 27. Qd2 Qg5 28. Be3 Bxd4 0-1

[Event "Karlsruhe Grenke op"]
[Site "Karlsruhe"]
[Date "2025.04.19"]
[Round "4"]
[White "Hrebenshchykova, Yelyzaveta"]
[Black "Schlosser, Philipp"]
[Result "1/2-1/2"]
[WhiteElo "2296"]
[BlackElo "2481"]
[PlyCount "80"]
[EventDate "2025.04.17"]
[EventType "swiss"]
[EventRounds "9"]
[EventCountry "GER"]
[SourceTitle "CB17_2025"]
[SourceDate "2025.04.23"]
[SourceVersion "1"]
[SourceVersionDate "2025.04.23"]
[SourceQuality "1"]

1. e4 c5 2. Nf3 e6 3. d4 cxd4 4. Nxd4 a6 5. Bd3 Bc5 6. Nb3 Ba7 7. 0-0 Nc6 8. Qe2 Nge7 9. Be3 0-0 10. Bxa7 Rxa7 11. Rd1 d6 12. c4 e5 13. Qe3 Be6 14. Nc3 Ra8 15. Bf1 Qb8 16. a4 b6 17. Qd2 Rd8 18. Nd5 a5 19. Nc1 Ra7 20. Ne2 h6 21. Ra3 Ng6 22. Qe3 Rb7 23. Rb3 Bxd5 24. cxd5 Nb4 25. g3 Nf8 26. Bh3 b5 27. axb5 Rxb5 28. Nc3 Rb7 29. Qe2 Na6 30. Rxb7 Qxb7 31. Ra1 Qb6 32. Qb5 Qxb5 33. Nxb5 Nc5 34. Rxa5 Nxe4 35. Ra6 Rb8 36. Nxd6 Nxd6 37. Rxd6 Rxb2 38. Rd8 Rd2 39. d6 g6 40. Re8 Rxd6 1/2-1/2

[Event "Karlsruhe Grenke op"]
[Site "Karlsruhe"]
[Date "2025.04.18"]
[Round "3"]
[White "Maksimovic, Bojan"]
[Black "Hrebenshchykova, Yelyzaveta"]
[Result "1/2-1/2"]
[WhiteElo "2512"]
[BlackElo "2296"]
[PlyCount "81"]
[EventDate "2025.04.17"]
[EventType "swiss"]
[EventRounds "9"]
[EventCountry "GER"]
[SourceTitle "CB17_2025"]
[SourceDate "2025.04.23"]
[SourceVersion "1"]
[SourceVersionDate "2025.04.23"]
[SourceQuality "1"]

1. c4 e6 2. Nf3 Nf6 3. g3 d5 4. Bg2 d4 5. 0-0 Nc6 6. d3 Bc5 7. Nbd2 a5 8. Nb3 Be7 9. e3 dxe3 10. Bxe3 a4 11. Nbd4 Nxd4 12. Bxd4 0-0 13. Bc3 c5 14. Qe2 Qc7 15. Ne5 Rd8 16. Rad1 Bd7 17. Qf3 Rab8 18. d4 cxd4 19. Rxd4 Be8 20. Rxd8 Qxd8 21. Rd1 Qc7 22. h3 Bd6 23. Ng4 Nxg4 24. Qxg4 Be5 25. Bxe5 Qxe5 26. Qd4 Qxd4 27. Rxd4 b6 28. f4 Kf8 29. Kf2 Ke7 30. Ke3 Rc8 31. Kd3 f6 32. Kc3 h6 33. b4 axb3 34. axb3 Rc7 35. Rd2 Ra7 36. Re2 Kd6 37. Rd2+ Ke7 38. Bf3 Ra5 39. Kb2 g5 40. Re2 Bd7 41. Rf2 1/2-1/2

[Event "EU-ch blitz (Women)"]
[Site "Monaco"]
[Date "2025.01.10"]
[Round "5"]
[White "Hunt, Harriet"]
[Black "Hrebenshchykova, Yelyzaveta"]
[Result "0-1"]
[WhiteElo "2298"]
[BlackElo "2280"]
[PlyCount "80"]
[EventDate "2025.01.10"]
[EventType "swiss (blitz)"]
[EventRounds "13"]
[EventCountry "MNC"]
[SourceTitle "CB03_2025"]
[SourceDate "2025.01.15"]
[SourceVersion "1"]
[SourceVersionDate "2025.01.15"]
[SourceQuality "1"]

1. e4 c5 2. Nf3 e6 3. b3 Nc6 4. Bb5 Qc7 5. 0-0 Nf6 6. Re1 Be7 7. Bb2 0-0 8. Nc3 d6 9. Bxc6 Qxc6 10. d4 cxd4 11. Nxd4 Qd7 12. f4 b6 13. Qf3 Bb7 14. Rad1 a6 15. Qg3 Qc7 16. e5 dxe5 17. fxe5 Nd7 18. Kh1 Rad8 19. a3 Nb8 20. Ne4 Bxe4 21. Rxe4 Nc6 22. c4 Rd7 23. Ra1 Nxd4 24. Rxd4 Rfd8 25. Rxd7 Rxd7 26. Qf3 a5 27. Rf1 Bf8 28. Qe3 Bc5 29. Qf4 g6 30. g3 h5 31. Qf3 Rd2 32. Bc3 Rd7 33. b4 axb4 34. axb4 Bd4 35. Bxd4 Rxd4 36. c5 bxc5 37. bxc5 Rc4 38. Ra1 Rxc5 39. Ra8+ Kh7 40. Qf6 Qc6+ 0-1

[Event "Krakow op-A 35th"]
[Site "Krakow"]
[Date "2025.01.02"]
[Round "7"]
[White "Hrebenshchykova, Yelyzaveta"]
[Black "Grygierczyk, Wojciech"]
[Result "1/2-1/2"]
[WhiteElo "2287"]
[BlackElo "2125"]
[PlyCount "48"]
[EventDate "2024.12.27"]
[EventType "swiss"]
[EventRounds "9"]
[EventCountry "POL"]
[SourceTitle "CB02_2025"]
[SourceDate "2025.01.08"]
[SourceVersion "1"]
[SourceVersionDate "2025.01.08"]
[SourceQuality "1"]

1. Nf3 d5 2. c4 c6 3. e3 Nf6 4. Nc3 a6 5. d4 e6 6. a4 c5 7. cxd5 exd5 8. Be2 Nc6 9. 0-0 Bd6 10. b3 0-0 11. Bb2 Be6 12. Rc1 Qe7 13. dxc5 Bxc5 14. Qc2 Ba7 15. Rfd1 h6 16. Na2 Rac8 17. Qb1 Ne4 18. Nc3 Nf6 19. Qa1 Rfd8 20. Na2 d4 21. Nxd4 Nxd4 22. Bxd4 Bxd4 23. Rxd4 Bxb3 24. Rxd8+ Qxd8 1/2-1/2

[Event "Krakow op-A 35th"]
[Site "Krakow"]
[Date "2024.12.27"]
[Round "1"]
[White "Smietanska, Wiktoria"]
[Black "Hrebenshchykova, Yelyzaveta"]
[Result "1/2-1/2"]
[WhiteElo "2157"]
[BlackElo "2287"]
[PlyCount "98"]
[EventDate "2024.12.27"]
[EventType "swiss"]
[EventRounds "9"]
[EventCountry "POL"]
[SourceTitle "CB02_2025"]
[SourceDate "2025.01.08"]
[SourceVersion "1"]
[SourceVersionDate "2025.01.08"]
[SourceQuality "1"]

1. e4 c5 2. Nf3 e6 3. d4 cxd4 4. Nxd4 Nc6 5. Nc3 Qc7 6. Ndb5 Qb8 7. g3 a6 8. Nd4 b5 9. Bg2 Bb7 10. 0-0 Nf6 11. Re1 Nxd4 12. Qxd4 e5 13. Qd3 Bc5 14. Be3 Bxe3 15. Qxe3 0-0 16. Rad1 Bc6 17. a3 a5 18. Rd2 b4 19. Na2 Qb7 20. c4 Rfc8 21. f3 h6 22. Bf1 Rcb8 23. Nc1 bxa3 24. Qxa3 Ne8 25. Nd3 Qa7+ 26. Kg2 Qd4 27. Red1 Nd6 28. Nc5 Nxc4 29. Rxd4 Nxa3 30. R4d2 Nb5 31. Nxd7 Bxd7 32. Rxd7 Nd4 33. Rd2 Rb4 34. Rd5 Rab8 35. Rxe5 Rxb2 36. Rf2 Rxf2+ 37. Kxf2 a4 38. Ra5 Rb4 39. Bd3 g5 40. Ke3 Kg7 41. f4 gxf4+ 42. gxf4 Nb3 43. Ra6 Nc5 44. Ra5 Nxd3 45. Kxd3 Rb2 46. Rxa4 Rxh2 47. Ke3 Rh3+ 48. Kf2 Rb3 49. Ra5 Rc3 1/2-1/2

[Event "Swiss Queens Wed #42"]
[Site "FIDE Online Arena INT"]
[Date "2024.11.13"]
[Round "9"]
[White "Hrebenshchykova, Yelyzaveta"]
[Black "Jimenez Salas, Fabiana"]
[Result "1-0"]
[WhiteElo "2295"]
[BlackElo "1666"]
[PlyCount "79"]
[EventDate "2024.11.13"]
[EventType "swiss (blitz)"]
[EventRounds "11"]
[EventCountry "NET"]
[SourceTitle "CB47_2024"]
[SourceDate "2024.11.20"]
[SourceVersion "1"]
[SourceVersionDate "2024.11.20"]
[SourceQuality "1"]

1. e4 c5 2. Nf3 e6 3. d4 cxd4 4. Nxd4 Nf6 5. Nc3 d6 6. g4 e5 7. Nf5 h5 8. g5 Nxe4 9. Nxg7+ Bxg7 10. Nxe4 d5 11. Ng3 Bg4 12. Be2 Bxe2 13. Qxe2 h4 14. Nh5 Rh7 15. Nxg7+ Rxg7 16. Qxe5+ Kf8 17. Be3 Nc6 18. Qf4 d4 19. 0-0-0 Qa5 20. Bxd4 Rxg5 21. Bc3 Qb5 22. Rhg1 Rxg1 23. Rxg1 Ke7 24. Rd1 a5 25. Qf6+ Ke8 26. Qh8+ Ke7 27. Qxa8 Qc4 28. Qxb7+ Kf8 29. Qc8+ Ke7 30. Rd7+ Ke6 31. Rd4+ Ke7 32. Rxc4 Ne5 33. Rc7+ Kf6 34. Bxe5+ Kxe5 35. Rxf7 Ke4 36. Qe8+ Kd4 37. Rd7+ Kc5 38. Qc8+ Kb6 39. Rb7+ Ka6 40. Qa8# 1-0

[Event "Swiss Queens Wed #42"]
[Site "FIDE Online Arena INT"]
[Date "2024.11.13"]
[Round "1"]
[White "Preobrazhenskaya, Diana"]
[Black "Hrebenshchykova, Yelyzaveta"]
[Result "1-0"]
[WhiteElo "2051"]
[BlackElo "2295"]
[PlyCount "85"]
[EventDate "2024.11.13"]
[EventType "swiss (blitz)"]
[EventRounds "11"]
[EventCountry "NET"]
[SourceTitle "CB47_2024"]
[SourceDate "2024.11.20"]
[SourceVersion "1"]
[SourceVersionDate "2024.11.20"]
[SourceQuality "1"]

1. e4 c5 2. Nf3 e6 3. d4 cxd4 4. Nxd4 Nc6 5. Nc3 a6 6. Be3 Qc7 7. Nxc6 dxc6 8. Bd3 e5 9. 0-0 Nf6 10. h3 Bd6 11. a4 a5 12. Qd2 Be6 13. f4 exf4 14. Bxf4 Bxf4 15. Rxf4 Nd7 16. Raf1 0-0 17. Kh1 Ne5 18. Qe3 Rad8 19. Ne2 Qd6 20. Rd1 Qb4 21. Ng3 Qxa4 22. Rdf1 Qd4 23. Qe2 Nxd3 24. cxd3 Qxd3 25. Qf2 Qd2 26. Qc5 Qb4 27. Qg5 h6 28. Qh5 Qxb2 29. Nf5 Bxf5 30. Rxf5 Rd7 31. Qg4 Re7 32. R5f4 Qe5 33. Qf3 a4 34. Rg4 b5 35. Qa3 Rfe8 36. Qf3 b4 37. Qd3 a3 38. Rf5 Qb2 39. Kh2 a2 40. Qg3 a1Q 41. e5 Rxe5 42. Rxg7+ Kh8 43. Rh7+ 1-0

[Event "Swiss Queens Wed #42"]
[Site "FIDE Online Arena INT"]
[Date "2024.11.13"]
[Round "10"]
[White "Saranya, Devi Narahari"]
[Black "Hrebenshchykova, Yelyzaveta"]
[Result "0-1"]
[WhiteElo "1743"]
[BlackElo "2295"]
[PlyCount "126"]
[EventDate "2024.11.13"]
[EventType "swiss (blitz)"]
[EventRounds "11"]
[EventCountry "NET"]
[SourceTitle "CB47_2024"]
[SourceDate "2024.11.20"]
[SourceVersion "1"]
[SourceVersionDate "2024.11.20"]
[SourceQuality "1"]

1. e4 c5 2. Nf3 e6 3. d4 cxd4 4. Nxd4 Nc6 5. Nc3 a6 6. Be3 Qc7 7. f3 b5 8. a3 Nf6 9. Qd2 b4 10. axb4 Bxb4 11. Be2 Ne5 12. Ndb5 Qb8 13. Bf4 d6 14. Bxe5 dxe5 15. 0-0 axb5 16. Rxa8 Qxa8 17. Bxb5+ Bd7 18. Bxd7+ Nxd7 19. Rd1 Qa7+ 20. Kh1 Bxc3 21. bxc3 Qc7 22. c4 h6 23. h3 Ke7 24. Qb4+ Nc5 25. Ra1 Rb8 26. Qd2 Kf8 27. Ra5 Kg8 28. Rb5 Nd7 29. Qd3 Rc8 30. Rb4 Nb6 31. Qc3 Nxc4 32. Ra4 Nb6 33. Qxc7 Rxc7 34. Ra6 Nc4 35. Ra8+ Kh7 36. Kh2 Ne3 37. c3 Rxc3 38. Ra7 Kg6 39. Ra2 h5 40. Rf2 h4 41. g3 hxg3+ 42. Kxg3 Rc2 43. Rxc2 Nxc2 44. f4 exf4+ 45. Kxf4 f6 46. e5 f5 47. h4 Kh5 48. Kg3 Ne3 49. Kf3 Nc4 50. Kf4 Kxh4 51. Kf3 g5 52. Kf2 Kh3 53. Kg1 Nxe5 54. Kh1 g4 55. Kg1 g3 56. Kh1 g2+ 57. Kg1 Nf3+ 58. Kf2 g1Q+ 59. Kxf3 Qg4+ 60. Ke3 f4+ 61. Ke4 f3+ 62. Ke5 f2 63. Kd6 f1Q 0-1

[Event "Swiss Queens Wed #41"]
[Site "FIDE Online Arena INT"]
[Date "2024.11.06"]
[Round "2"]
[White "Siskou, Evangelia"]
[Black "Hrebenshchykova, Yelyzaveta"]
[Result "1-0"]
[WhiteElo "1884"]
[BlackElo "2295"]
[PlyCount "85"]
[EventDate "2024.11.06"]
[EventType "swiss (blitz)"]
[EventRounds "11"]
[EventCountry "NET"]
[SourceTitle "CB45_2024"]
[Source "ChessBase"]
[SourceDate "2024.11.06"]
[SourceVersion "1"]
[SourceVersionDate "2024.11.06"]
[SourceQuality "1"]

1. e4 c5 2. Nf3 e6 3. g3 Nc6 4. Bg2 Nf6 5. Nc3 d6 6. d4 cxd4 7. Nxd4 Bd7 8. 0-0 a6 9. a4 Be7 10. f4 Qc7 11. Be3 0-0 12. Kh1 Nxd4 13. Bxd4 e5 14. Be3 exf4 15. Bxf4 Be6 16. Qd4 Nd7 17. Rad1 Ne5 18. Nd5 Bxd5 19. Qxd5 Rab8 20. c3 b5 21. axb5 Rxb5 22. Qa2 a5 23. Bxe5 Rxe5 24. Rd5 Rxd5 25. Qxd5 Qb6 26. Qa2 Bf6 27. e5 Bxe5 28. Bd5 Qc7 29. Qb3 h6 30. Re1 Qc5 31. Rf1 Qc7 32. Re1 h5 33. Rf1 h4 34. Kg2 hxg3 35. hxg3 Qe7 36. c4 Qg5 37. Qf3 Qd2+ 38. Kh1 Qh6+ 39. Kg1 Bxb2 40. Bxf7+ Kh8 41. Kg2 Qd2+ 42. Rf2 Qd4 43. Qh5# 1-0

[Event "Bayern-chI Bank Hofmann 27th"]
[Site "Gmund am Tegernsee"]
[Date "2024.11.02"]
[Round "8"]
[White "Hrebenshchykova, Yelyzaveta"]
[Black "Deuer, Marius"]
[Result "0-1"]
[WhiteElo "2311"]
[BlackElo "2477"]
[PlyCount "90"]
[EventDate "2024.10.26"]
[EventType "swiss"]
[EventRounds "9"]
[EventCountry "GER"]
[SourceTitle "CB45_2024"]
[Source "ChessBase"]
[SourceDate "2024.11.06"]
[SourceVersion "1"]
[SourceVersionDate "2024.11.06"]
[SourceQuality "1"]

1. e4 c6 2. Nf3 d5 3. Nc3 dxe4 4. Nxe4 Nf6 5. Qe2 Nxe4 6. Qxe4 Qa5 7. b4 Qf5 8. Qc4 Qf6 9. d4 Be6 10. Qd3 Bf5 11. Qb3 Nd7 12. Be2 e6 13. 0-0 Bd6 14. c4 0-0 15. Bg5 Qg6 16. Qe3 h6 17. Bf4 Bxf4 18. Qxf4 Rac8 19. Rfd1 Rfd8 20. a4 Qf6 21. Ra2 Nf8 22. Ne5 Qe7 23. c5 Ng6 24. Nxg6 Bxg6 25. Rad2 Rd7 26. h4 Rcd8 27. g3 e5 28. dxe5 Rxd2 29. Rxd2 Rxd2 30. Qxd2 Qxe5 31. Kg2 a5 32. bxa5 Qxc5 33. Qd8+ Kh7 34. Bd3 Qb4 35. Bxg6+ fxg6 36. Qb6 c5 37. Kf1 Qc4+ 38. Ke1 Qe4+ 39. Kd2 c4 40. Qb5 Qd4+ 41. Ke2 Qd3+ 42. Ke1 h5 43. a6 bxa6 44. Qxa6 Qc2 45. a5 c3 0-1

[Event "Bayern-chI Bank Hofmann 27th"]
[Site "Gmund am Tegernsee"]
[Date "2024.10.31"]
[Round "6"]
[White "Hrebenshchykova, Yelyzaveta"]
[Black "Strahl, Christian"]
[Result "1-0"]
[WhiteElo "2311"]
[BlackElo "1982"]
[PlyCount "87"]
[EventDate "2024.10.26"]
[EventType "swiss"]
[EventRounds "9"]
[EventCountry "GER"]
[SourceTitle "CB45_2024"]
[Source "ChessBase"]
[SourceDate "2024.11.06"]
[SourceVersion "1"]
[SourceVersionDate "2024.11.06"]
[SourceQuality "1"]

1. e4 c6 2. Nf3 d5 3. Nc3 dxe4 4. Nxe4 Nf6 5. Qe2 Nxe4 6. Qxe4 Qa5 7. b4 Qd5 8. Qe3 Bf5 9. c4 Qe4 10. Be2 Qxe3 11. fxe3 e6 12. b5 cxb5 13. cxb5 Nd7 14. 0-0 Bc5 15. Bb2 0-0 16. Kh1 Bg4 17. Bd3 Bxf3 18. gxf3 Be7 19. Be4 Nc5 20. Rg1 g6 21. Bc2 Rac8 22. Rgc1 Nd7 23. Be4 Nc5 24. Bc2 Nd7 25. d4 Nb6 26. Bb3 Bb4 27. e4 Bd2 28. Rc5 Be3 29. a4 Rxc5 30. dxc5 Bxc5 31. a5 Nc8 32. Rd1 Nd6 33. Ba4 Nc4 34. Bc3 Rb8 35. Rd7 Be3 36. Bb3 Na3 37. Be5 Rc8 38. Rxb7 Nb1 39. Rc7 Rd8 40. Kg2 Nd2 41. Ba2 g5 42. Rc3 Bd4 43. Rd3 Bb6 44. axb6 1-0

[Event "Bayern-chI Bank Hofmann 27th"]
[Site "Gmund am Tegernsee"]
[Date "2024.10.28"]
[Round "3"]
[White "Brychcy, Felix"]
[Black "Hrebenshchykova, Yelyzaveta"]
[Result "1/2-1/2"]
[WhiteElo "1999"]
[BlackElo "2311"]
[PlyCount "117"]
[EventDate "2024.10.26"]
[EventType "swiss"]
[EventRounds "9"]
[EventCountry "GER"]
[SourceTitle "CB45_2024"]
[Source "ChessBase"]
[SourceDate "2024.11.06"]
[SourceVersion "1"]
[SourceVersionDate "2024.11.06"]
[SourceQuality "1"]

1. Nf3 Nf6 2. c4 e6 3. Nc3 d5 4. e3 Be7 5. b3 0-0 6. Bb2 c5 7. cxd5 Nxd5 8. Qc2 Nc6 9. a3 b6 10. h4 h6 11. g4 Nxc3 12. Bxc3 Bf6 13. g5 Bxc3 14. dxc3 h5 15. Bd3 Bb7 16. Bh7+ Kh8 17. Be4 g6 18. Rg1 Qe7 19. c4 Rfd8 20. Ke2 Kh7 21. Rad1 Qc7 22. Rxd8 Rxd8 23. Rd1 Rxd1 24. Kxd1 Ne7 25. Ke2 Nf5 26. Bxb7 Qxb7 27. Qd3 Qc7 28. Qe4 Kg7 29. Qd3 Kg8 30. Qc3 Qd6 31. Qd3 Qc7 32. Qe4 Kg7 33. Qd3 Kg8 34. Qe4 Kg7 35. Qc2 Kg8 36. Qc3 Ne7 37. Qe5 Qxe5 38. Nxe5 Nf5 39. Nf3 Kf8 40. Kd3 Ke7 41. e4 Nd6 42. Ne5 a5 43. f3 Kd8 44. Kc3 Kc7 45. b4 axb4+ 46. axb4 cxb4+ 47. Kxb4 Kd8 48. c5 bxc5+ 49. Kxc5 Kc7 50. Kd4 Nb5+ 51. Kc4 Nd6+ 52. Kc5 Nb7+ 53. Kd4 Nd6 54. Nd3 Kd7 55. Ne5+ Kc7 56. Nc4 Nxc4 57. Kxc4 Kd6 58. f4 Kc6 59. e5 1/2-1/2

[Event "Bayern-chI Bank Hofmann 27th"]
[Site "Gmund am Tegernsee"]
[Date "2024.10.27"]
[Round "2"]
[White "Hrebenshchykova, Yelyzaveta"]
[Black "Faika, Michael"]
[Result "1-0"]
[WhiteElo "2311"]
[BlackElo "2130"]
[PlyCount "71"]
[EventDate "2024.10.26"]
[EventType "swiss"]
[EventRounds "9"]
[EventCountry "GER"]
[SourceTitle "CB45_2024"]
[Source "ChessBase"]
[SourceDate "2024.11.06"]
[SourceVersion "1"]
[SourceVersionDate "2024.11.06"]
[SourceQuality "1"]

1. Nf3 d5 2. g3 h5 3. Bg2 h4 4. Nxh4 e5 5. d3 Bc5 6. e3 Qe7 7. Nc3 c6 8. e4 d4 9. Ne2 g5 10. Nf3 f6 11. h4 g4 12. Nd2 Be6 13. c3 Na6 14. cxd4 exd4 15. a3 0-0-0 16. b4 Bb6 17. 0-0 Qf7 18. Nf4 Nc7 19. a4 Ne8 20. Nxe6 Qxe6 21. Nc4 Bc7 22. b5 c5 23. a5 Bb8 24. Qb3 Kd7 25. e5 fxe5 26. Bd5 Qe7 27. Re1 Ngf6 28. Bxb7 Ng7 29. Bf4 Rh5 30. Bc6+ Kc8 31. b6 Rdh8 32. bxa7 Qxa7 33. Nxe5 Bd6 34. a6 Rf8 35. Bb7+ Kc7 36. Nc6 1-0

[Event "Swiss Queens Wed #39"]
[Site "FIDE Online Arena INT"]
[Date "2024.10.23"]
[Round "8"]
[White "Hrebenshchykova, Yelyzaveta"]
[Black "Babayeva, Nasrin"]
[Result "1-0"]
[WhiteElo "2311"]
[BlackElo "1936"]
[PlyCount "31"]
[EventDate "2024.10.23"]
[EventType "swiss (blitz)"]
[EventRounds "11"]
[EventCountry "NET"]
[SourceTitle "CB44_2024"]
[Source "Chessbase"]
[SourceDate "2024.10.30"]
[SourceVersion "1"]
[SourceVersionDate "2024.10.30"]
[SourceQuality "1"]

1. e4 d5 2. exd5 Qxd5 3. Nc3 Qa5 4. Bc4 Nf6 5. d3 c6 6. Qe2 b5 7. Bb3 Bg4 8. f3 Bf5 9. g4 Bg6 10. h4 h6 11. Nh3 Nbd7 12. Nf4 Bh7 13. Bd2 e6 14. 0-0-0 0-0-0 15. g5 Nd5 16. Ncxd5 1-0